Cases in financial reporting : An integrated approach with an emphasis on earnings quality and persistence

সংরক্ষণ করুন:
গ্রন্থ-পঞ্জীর বিবরন
বিন্যাস: গ্রন্থ
ভাষা:Undetermined
প্রকাশিত: New Jersey Prentical Hall 1996
বিষয়গুলি:
ট্যাগগুলো: ট্যাগ যুক্ত করুন
কোনো ট্যাগ নেই, প্রথমজন হিসাবে ট্যাগ করুন!
Thư viện lưu trữ: Trung tâm Học liệu Trường Đại học Cần Thơ
LEADER 00555nam a2200181Ia 4500
001 CTU_154007
008 210402s9999 xx 000 0 und d
020 |c 320000 
082 |a 657.3 
082 |b H669 
245 0 |a Cases in financial reporting : 
245 3 |b An integrated approach with an emphasis on earnings quality and persistence 
245 0 |c D. Eric Hirst, Mary Lea McSnally 
260 |a New Jersey 
260 |b Prentical Hall 
260 |c 1996 
650 |a Financial statements 
980 |a Trung tâm Học liệu Trường Đại học Cần Thơ